| 000 | 01102cam a22002651i 4500 | ||
|---|---|---|---|
| 003 | SA-RiAUC | ||
| 005 | 20250929125853.0 | ||
| 008 | 250925s1983 le g b 00000 ara c | ||
| 040 |
_aSA-JeALM _bara _cSA-RiAUC _erda |
||
| 050 | 4 | _b.J36 1983 | |
| 082 | 0 | 4 |
_a214 _qSA-RiAUC |
| 090 |
_a214 _b ج م ا |
||
| 100 | 1 |
_aجمال، أحمد محمد صالح، _d1343-1413 هجري _eمؤلف. |
|
| 245 | 1 | 0 |
_aمحاضرات في الثقافة الإسلامية / _cأحمد محمد جمال. |
| 250 | _aالطبعة السادسة. | ||
| 264 | 1 |
_aبيروت : _bدار الكتاب العربي، _c1983 |
|
| 300 |
_a412 صفحة ؛ _c24 سم |
||
| 336 |
_aنص _btxt _2rdacontent _3كتاب |
||
| 337 |
_aبدون وسيط _bn _2rdamedia |
||
| 500 | _aاهداء من المؤلف احمد محمد جمال الى الشيخ رحمه الله بتاريخ 15 / 5 / 1409 هـ | ||
| 504 | _aببليوجرافية: صفحة 293-294. | ||
| 650 | 7 |
_aالثقافة الإسلامية _vمقالات ومحاضرات _2aucsh |
|
| 942 |
_2ddc _cBOOK _n0 |
||
| 949 |
_aSA-JeALM _d250925 _uosman123 _n1 |
||
| 999 |
_c12213 _d12213 |
||